| 000 | 00645nam a2200205Ia 4500 | ||
|---|---|---|---|
| 003 | GCL | ||
| 005 | 20240530110234.0 | ||
| 008 | 140319s9999 xx 000 0 ara d | ||
| 040 |
_aGCL / _cGCL |
||
| 082 | 0 | 4 |
_aم _b320.013 _bن م |
| 100 | 1 | _aنبيل راغب | |
| 245 | 1 | 0 |
_aموسوعة الفكر القومى العربى / _cنبيل راغب |
| 260 |
_a[S.N] : _bالهيئة المصرية العامة للكتاب ، _c1988 |
||
| 300 | _aمتعدد | ||
| 490 |
_aدراسة فى ازمة الخليج _v0 |
||
| 650 | 0 | 4 | _aالسياسة |
| 650 | 0 | 4 | _aالاجتماع |
| 650 | 0 | 4 | _aالببليوجرافيات |
| 942 |
_2ddc _cBK |
||
| 999 |
_c59475 _d59475 |
||